| 000 | 00795nam a2200253Ia 4500 | ||
|---|---|---|---|
| 008 | 220216s9999 xx 000 0 und d | ||
| 100 | _aCherian S | ||
| 245 | 0 | _aNatural rubber biosynthesis in plants, the rubber transferase complex, and metabolic engineering progress and prospects | |
| 260 | _bPlant Biotechnology Journal, 2019. pp. 1-21. doi:10.1111/pbi.13181 | ||
| 650 | _aAllylic pyrophosphate | ||
| 650 | _acis-prenyl transferase | ||
| 650 | _aGuayule | ||
| 650 | _aHevea brasiliensis | ||
| 650 | _aIsopentenyl pyrophosphate | ||
| 650 | _aNatural rubber | ||
| 650 | _aParthenium argentatum | ||
| 650 | _aRubber dandelion | ||
| 650 | _aRubber transferase | ||
| 650 | _aTaraxacum kok-saghyz | ||
| 700 | _aCornish K | ||
| 700 | _aRyu S.B | ||
| 856 | _ucopy | ||
| 942 | _cJS | ||
| 999 |
_c63497 _d63497 |
||